[Event "TCh-FRA Top 12 2016"]
[Site "Drancy FRA"]
[Date "2016.05.28"]
[Round "1.5"]
[Board "8"]
[White "Haussernot, Cecile"]
[Black "Roumegous, Marina"]
[Result "0-1"]
[WhiteTitle "WFM"]
[BlackTitle "WIM"]
[WhiteElo "2087"]
[BlackElo "2117"]
[WhiteTeam "Echecs Club MONTPELLIER"]
[BlackTeam "Cavalier Bleu DRANCY"]
[WhiteFideId "601632"]
[BlackFideId "620416"]
[EventDate "2016.05.28"]

1. e4 c6 2. d4 d5 3. e5 Bf5 4. h4 h5 5. Bd3 Bxd3 6. Qxd3 e6 7. Nd2 Qa5 8. Ne2
Ne7 9. a3 Nf5 10. Rb1 Qa6 11. c4 Nd7 12. Qc3 dxc4 13. Nxc4 Nb6 14. Ne3 Ne7 15.
Rh3 Ned5 16. Qc2 Be7 17. Bd2 Rd8 18. Nxd5 Nxd5 19. b4 Qb6 20. Qe4 Rd7 21. Kf1
Qa6 22. Kg1 Bd8 23. Rg3 g6 24. Rc1 Be7 25. Rf3 Bxh4 26. Rh3 Be7 27. f4 Rg8 28.
Rf3 Bd8 29. Be1 Ne7 30. Bh4 Nf5 31. Bxd8 Kxd8 32. Rd3 Ke7 33. Rcd1 Rgd8 34. Nc3
Qc4 35. Ne2 Qd5 36. Qxd5 Rxd5 37. Kf2 b6 38. Rc1 c5 39. bxc5 bxc5 40. Rb3 cxd4
41. Rb7+ R8d7 42. Rb8 Rd8 43. Rb7+ R5d7 44. Rb3 d3 45. Nc3 Rd4 46. g3 h4 47. Nb5
hxg3+ 48. Kf3 d2 49. Rd1 Rd3+ 50. Rxd3 Rxd3+ 51. Ke2 Rd7 52. Nc3 Rd4 0-1

[Event "TCh-FRA Top 12 2016"]
[Site "Drancy FRA"]
[Date "2016.05.28"]
[Round "1.6"]
[Board "1"]
[White "Navara, David"]
[Black "Sanikidze, Tornike"]
[Result "1-0"]
[WhiteTitle "GM"]
[BlackTitle "GM"]
[WhiteElo "2735"]
[BlackElo "2537"]
[WhiteTeam "MULHOUSE Philidor"]
[BlackTeam "C.E. STRASBOURG"]
[WhiteFideId "309095"]
[BlackFideId "13602608"]
[EventDate "2016.05.28"]

1. d4 d5 2. c4 e6 3. Nc3 Nf6 4. cxd5 exd5 5. Bg5 c6 6. e3 Be7 7. Bd3 Ne4 8. Bf4
Nxc3 9. bxc3 Bd6 10. Ne2 O-O 11. O-O Be6 12. Qb1 b5 13. a4 bxa4 14. Bxh7+ Kh8
15. Bc2 g5 16. Bxd6 Qxd6 17. f4 Bg4 18. Ng3 Qe7 19. Qe1 Re8 20. Bf5 Bxf5 21.
Nxf5 Qe4 22. fxg5 Nd7 23. Qd1 Nf8 24. Qh5+ Nh7 25. Qh6 Rg8 26. Nd6 Qxe3+ 27. Kh1
Rg7 28. Qxg7+ 1-0

[Event "TCh-FRA Top 12 2016"]
[Site "Drancy FRA"]
[Date "2016.05.28"]
[Round "1.6"]
[Board "2"]
[White "Baklan, Vladimir"]
[Black "Bluebaum, Matthias"]
[Result "1/2-1/2"]
[WhiteTitle "GM"]
[BlackTitle "GM"]
[WhiteElo "2614"]
[BlackElo "2633"]
[WhiteTeam "C.E. STRASBOURG"]
[BlackTeam "MULHOUSE Philidor"]
[WhiteFideId "14102196"]
[BlackFideId "24651516"]
[EventDate "2016.05.28"]

1. e4 e6 2. d4 d5 3. Nd2 c5 4. Ngf3 cxd4 5. exd5 Qxd5 6. Bc4 Qd7 7. O-O Nc6 8.
Nb3 a6 9. Nbxd4 Nxd4 10. Nxd4 Qc7 11. Bb3 Nf6 12. Re1 Bd6 13. h3 O-O 14. Bg5
Bh2+ 15. Kh1 Bf4 16. Bxf4 Qxf4 17. Kg1 Rd8 18. c3 b5 19. Qc1 Qxc1 20. Raxc1 Bb7
21. Rcd1 Bd5 22. f3 Kf8 23. Kf2 Rac8 24. h4 h5 25. g3 g6 26. Re2 Rd6 27. Nc2
Rcd8 28. Bxd5 Nxd5 29. Ke1 Nb6 30. Rxd6 Rxd6 31. Nd4 b4 32. Kd1 bxc3 33. bxc3
Rd5 34. f4 Ra5 35. Kc1 Nd5 36. Kb2 Nb6 37. Kb3 Rd5 38. a4 Kg7 39. Kb4 a5+ 40.
Kb3 Kf6 41. Re3 Nd7 42. Nc6 Nc5+ 43. Ka3 Nd7 44. Kb3 Nc5+ 45. Ka3 Nd7 46. Kb3 1/2-1/2

[Event "TCh-FRA Top 12 2016"]
[Site "Drancy FRA"]
[Date "2016.05.28"]
[Round "1.6"]
[Board "3"]
[White "Istratescu, Andrei"]
[Black "Rozentalis, Eduardas"]
[Result "1/2-1/2"]
[WhiteTitle "GM"]
[BlackTitle "GM"]
[WhiteElo "2592"]
[BlackElo "2593"]
[WhiteTeam "MULHOUSE Philidor"]
[BlackTeam "C.E. STRASBOURG"]
[WhiteFideId "1200372"]
[BlackFideId "12800023"]
[EventDate "2016.05.28"]

1. e4 e6 2. d4 d5 3. Nc3 dxe4 4. Nxe4 Bd7 5. Nf3 Bc6 6. Bd3 Nd7 7. O-O Ngf6 8.
Ned2 Be7 9. Re1 O-O 10. c3 b6 11. b4 Bb7 12. Rb1 c5 13. bxc5 Nxc5 14. Bc2 Ncd7
15. c4 Rc8 16. Rb3 Ba6 17. Ne5 g6 18. Rh3 Bb4 19. Ba3 Qe7 20. Bxb4 Qxb4 21. a3
Qd6 22. Ba4 1/2-1/2

[Event "TCh-FRA Top 12 2016"]
[Site "Drancy FRA"]
[Date "2016.05.28"]
[Round "1.6"]
[Board "4"]
[White "Sebag, Marie"]
[Black "Sokolov, Andrei1"]
[Result "1/2-1/2"]
[WhiteTitle "GM"]
[BlackTitle "GM"]
[WhiteElo "2490"]
[BlackElo "2528"]
[WhiteTeam "C.E. STRASBOURG"]
[BlackTeam "MULHOUSE Philidor"]
[WhiteFideId "617822"]
[BlackFideId "627089"]
[EventDate "2016.05.28"]

1. e4 c5 2. Nf3 e6 3. c3 d5 4. exd5 Qxd5 5. d4 Nf6 6. Be2 Nc6 7. O-O cxd4 8.
cxd4 Be7 9. Nc3 Qd6 10. Nb5 Qd8 11. Bf4 Nd5 12. Bg3 O-O 13. Bc4 a6 14. Bxd5 exd5
15. Nc7 Ra7 16. Qb3 Bd6 17. Bxd6 Qxd6 18. Qb6 f6 19. Rac1 Rf7 20. Nxd5 Qxd5 21.
Rc5 Qxa2 1/2-1/2

[Event "TCh-FRA Top 12 2016"]
[Site "Drancy FRA"]
[Date "2016.05.28"]
[Round "1.6"]
[Board "5"]
[White "Heimann, Andreas"]
[Black "Nataf, Igor-Alexandre"]
[Result "1-0"]
[WhiteTitle "IM"]
[BlackTitle "GM"]
[WhiteElo "2578"]
[BlackElo "2531"]
[WhiteTeam "MULHOUSE Philidor"]
[BlackTeam "C.E. STRASBOURG"]
[WhiteFideId "24624632"]
[BlackFideId "605492"]
[EventDate "2016.05.28"]

1. d4 Nf6 2. c4 g6 3. Nc3 Bg7 4. e4 d6 5. Nf3 O-O 6. h3 e5 7. d5 a5 8. g4 Na6 9.
Be3 Nc5 10. Nd2 c6 11. Be2 a4 12. g5 Ne8 13. h4 f5 14. a3 Bd7 15. Qc2 Nc7 16.
O-O-O N7a6 17. Kb1 Rb8 18. h5 Rf7 19. Rh4 f4 20. Bxc5 Nxc5 21. hxg6 hxg6 22. Nf3
cxd5 23. Rxd5 Bc6 24. Rd1 Ra8 25. Nd5 Rc8 26. Bf1 b5 27. cxb5 Bxd5 28. Rxd5 Nb3
29. Rxd6 Qxd6 30. Qxc8+ Bf8 31. Qc2 Rc7 32. Bc4+ Kg7 33. Rh1 Na5 34. Nd2 Qd4 35.
Rc1 Be7 36. Qc3 Qxc3 37. Rxc3 Bxg5 38. Bd5 Rxc3 39. bxc3 Be7 40. b6 Bxa3 41. b7
Bd6 42. c4 Nb3 43. Nxb3 axb3 44. c5 Bb8 45. Kb2 Kf6 46. Kxb3 Ke7 47. Kb4 Kd7 48.
Ka5 Kc7 49. f3 Ba7 50. Kb5 Bb8 51. Ka6 g5 52. Ka5 Ba7 53. Kb5 Bb8 54. Ka5 Ba7
55. Kb5 1-0

[Event "TCh-FRA Top 12 2016"]
[Site "Drancy FRA"]
[Date "2016.05.28"]
[Round "1.6"]
[Board "6"]
[White "Vaisser, Anatoly"]
[Black "Riff, Jean-Noel"]
[Result "1-0"]
[WhiteTitle "GM"]
[BlackTitle "GM"]
[WhiteElo "2509"]
[BlackElo "2506"]
[WhiteTeam "C.E. STRASBOURG"]
[BlackTeam "MULHOUSE Philidor"]
[WhiteFideId "603252"]
[BlackFideId "611190"]
[EventDate "2016.05.28"]

1. d4 Nf6 2. c4 e6 3. Nc3 Bb4 4. e3 O-O 5. Nf3 d5 6. Be2 b6 7. O-O Bb7 8. cxd5
exd5 9. Ne5 Re8 10. a3 Bf8 11. b4 a6 12. Qb3 Nc6 13. f4 Ne7 14. g4 Ng6 15. e4
Nxe5 16. fxe5 dxe4 17. exf6 Qxd4+ 18. Rf2 e3 19. Rf1 Bd6 20. Ra2 Re6 21. Qc4 Qe5
22. Bf3 b5 23. Qd3 Bxf3 24. Rxf3 Qg5 25. Qf5 e2 26. Qxg5 e1=Q+ 27. Rf1 1-0

[Event "TCh-FRA Top 12 2016"]
[Site "Drancy FRA"]
[Date "2016.05.28"]
[Round "1.6"]
[Board "7"]
[White "Ider, Borya"]
[Black "Sharif, Mehrshad"]
[Result "1-0"]
[WhiteTitle "IM"]
[BlackTitle "IM"]
[WhiteElo "2430"]
[BlackElo "2425"]
[WhiteTeam "MULHOUSE Philidor"]
[BlackTeam "C.E. STRASBOURG"]
[WhiteFideId "4901134"]
[BlackFideId "600121"]
[EventDate "2016.05.28"]

1. d4 d5 2. Nf3 Nf6 3. g3 c5 4. Bg2 cxd4 5. O-O h6 6. b3 e6 7. Bb2 Nc6 8. Nxd4
Bd7 9. c4 dxc4 10. Nxc6 Bxc6 11. Bxc6+ bxc6 12. Qc2 Qd5 13. bxc4 Qa5 14. Nd2 Be7
15. Bc3 Qa6 16. Bxf6 Bxf6 17. Rad1 O-O 18. Ne4 Rfd8 19. Nxf6+ gxf6 20. c5 Qa3
21. Qc4 Rd5 22. Rxd5 cxd5 23. Qc2 Rc8 24. c6 Qd6 25. Rc1 Rc7 26. Qa4 d4 27. Qb5
Kg7 28. Kg2 e5 29. Rc4 Kg6 30. h4 Kg7 31. Rc5 Qe6 32. Qa4 Qd6 33. Qc4 Kg6 34.
Kf1 Qe6 35. Qc2+ Qf5 36. h5+ Kg5 37. Qd2+ Kxh5 38. Qxd4 Qh3+ 39. Kg1 Qe6 40. Qe4
Rc8 41. c7 Qg4 42. Qb7 Qd7 43. Qf3+ Kg6 44. Qb7 a5 45. a4 Kg7 46. Rc4 Qd1+ 47.
Kg2 Qd7 48. Qc6 Qe6 49. Qb5 Ra8 50. Rc1 Qc8 51. Qd5 Qe8 52. Kg1 Qc8 53. Qxa8 1-0

[Event "TCh-FRA Top 12 2016"]
[Site "Drancy FRA"]
[Date "2016.05.28"]
[Round "1.6"]
[Board "8"]
[White "Vitoux, Colomban"]
[Black "Richard, Emma"]
[Result "1-0"]
[WhiteTitle "IM"]
[BlackTitle "WFM"]
[WhiteElo "2385"]
[BlackElo "2086"]
[WhiteTeam "C.E. STRASBOURG"]
[BlackTeam "MULHOUSE Philidor"]
[WhiteFideId "628549"]
[BlackFideId "657590"]
[EventDate "2016.05.28"]

1. e4 c5 2. Nf3 Nc6 3. d4 cxd4 4. Nxd4 e5 5. Nb5 d6 6. a4 a6 7. N5c3 Be6 8. Na3
Nf6 9. Bg5 Be7 10. Nc4 Nd4 11. Ne3 Rc8 12. Bd3 Nxe4 13. Bxe7 Nxc3 14. bxc3 Qxe7
15. cxd4 exd4 16. Nf1 Bg4+ 17. Be2 Qe5 18. Ng3 O-O 19. O-O Bd7 20. Bf3 Bc6 21.
Re1 Bxf3 22. Qxf3 Qa5 23. Nf5 Rfe8 24. Re7 d5 25. Nh6+ Kh8 26. Nxf7+ Kg8 27.
Nh6+ Kh8 28. Qg4 1-0

[Event "TCh-FRA Top 12 2016"]
[Site "Drancy FRA"]
[Date "2016.05.29"]
[Round "2.1"]
[Board "1"]
[White "Palac, Mladen"]
[Black "Navara, David"]
[Result "1-0"]
[WhiteTitle "GM"]
[BlackTitle "GM"]
[WhiteElo "2577"]
[BlackElo "2735"]
[WhiteTeam "NICE Alekhine"]
[BlackTeam "MULHOUSE Philidor"]
[WhiteFideId "14500116"]
[BlackFideId "309095"]
[EventDate "2016.05.28"]

1. e4 e6 2. d4 d5 3. Nc3 Nf6 4. e5 Nfd7 5. f4 c5 6. Nf3 Be7 7. Be3 O-O 8. Qd2 b6
9. Nd1 a5 10. Nc3 a4 11. a3 Ba6 12. Bxa6 Rxa6 13. Qd3 Ra5 14. Ne2 Nc6 15. c3 f5
16. Ng5 Re8 17. Nxe6 Bh4+ 18. g3 Rxe6 19. Qxf5 Rh6 20. gxh4 Rb5 21. O-O-O Na5
22. Qg5 Qf8 23. f5 Nc4 24. Rhg1 Rxb2 25. Qxg7+ Qxg7 26. Bxh6 Qxg1 27. Rxg1+ Kh8
28. e6 1-0

[Event "TCh-FRA Top 12 2016"]
[Site "Drancy FRA"]
[Date "2016.05.29"]
[Round "2.1"]
[Board "2"]
[White "Bluebaum, Matthias"]
[Black "Stevic, Hrvoje"]
[Result "1/2-1/2"]
[WhiteTitle "GM"]
[BlackTitle "GM"]
[WhiteElo "2633"]
[BlackElo "2607"]
[WhiteTeam "MULHOUSE Philidor"]
[BlackTeam "NICE Alekhine"]
[WhiteFideId "24651516"]
[BlackFideId "14502569"]
[EventDate "2016.05.28"]

1. d4 d5 2. c4 dxc4 3. e4 e5 4. Nf3 exd4 5. Bxc4 Nc6 6. O-O Be6 7. Bb5 Bc5 8. b4
Bb6 9. a4 a6 10. Bxc6+ bxc6 11. a5 Ba7 12. Bb2 Nf6 13. Bxd4 Nxe4 14. Bxa7 Qxd1
15. Rxd1 Rxa7 16. Nd4 c5 17. Nxe6 fxe6 18. Re1 Nf6 19. bxc5 Ke7 20. Ra2 Rb7 21.
Rae2 Kf7 22. Nd2 Rb5 23. Nf3 Rxc5 24. Rxe6 Ra8 25. h4 Rxa5 26. Re7+ Kf8 27. Rxc7
Ne8 28. Rd7 Nf6 29. Rc7 Ne8 30. Rd7 Nf6 31. Rc7 1/2-1/2

[Event "TCh-FRA Top 12 2016"]
[Site "Drancy FRA"]
[Date "2016.05.29"]
[Round "2.1"]
[Board "3"]
[White "Rambaldi, Francesco"]
[Black "Sokolov, Andrei1"]
[Result "1-0"]
[WhiteTitle "GM"]
[BlackTitle "GM"]
[WhiteElo "2554"]
[BlackElo "2528"]
[WhiteTeam "NICE Alekhine"]
[BlackTeam "MULHOUSE Philidor"]
[WhiteFideId "20657307"]
[BlackFideId "627089"]
[EventDate "2016.05.28"]

1. d4 Nf6 2. c4 e6 3. Nc3 Bb4 4. Qc2 O-O 5. Nf3 d6 6. Bd2 b6 7. e4 Bb7 8. Bd3 e5
9. d5 Nbd7 10. a3 Bxc3 11. Bxc3 Nc5 12. O-O Nxd3 13. Qxd3 Nh5 14. Bd2 Bc8 15.
Qe2 g6 16. Bh6 Ng7 17. Nd2 Qh4 18. Bxg7 Kxg7 19. b4 Bg4 20. f3 Bd7 21. c5 bxc5
22. bxc5 dxc5 23. Qe3 c6 24. d6 Rab8 25. Qxc5 Rb5 26. Qxa7 Be6 27. Rfd1 Rd8 28.
a4 Rb2 29. Qa5 Qg5 30. f4 Qxf4 31. Qxd8 1-0

[Event "TCh-FRA Top 12 2016"]
[Site "Drancy FRA"]
[Date "2016.05.29"]
[Round "2.1"]
[Board "4"]
[White "Heimann, Andreas"]
[Black "Sanchez, Joseph"]
[Result "1-0"]
[WhiteTitle "IM"]
[BlackTitle "GM"]
[WhiteElo "2578"]
[BlackElo "2490"]
[WhiteTeam "MULHOUSE Philidor"]
[BlackTeam "NICE Alekhine"]
[WhiteFideId "24624632"]
[BlackFideId "5201233"]
[EventDate "2016.05.28"]

1. d4 d5 2. c4 c6 3. Nc3 Nf6 4. Nf3 dxc4 5. a4 Bf5 6. Ne5 Nbd7 7. Nxc4 Nb6 8.
Ne5 a5 9. h4 Nfd7 10. e4 Nxe5 11. exf5 Nec4 12. h5 Nd6 13. Bd3 Qc7 14. Bf4 e6
15. O-O O-O-O 16. fxe6 fxe6 17. Qg4 Qd7 18. Rfe1 Nd5 19. Nxd5 exd5 20. Re6 Ne4
21. Rxc6+ 1-0

[Event "TCh-FRA Top 12 2016"]
[Site "Drancy FRA"]
[Date "2016.05.29"]
[Round "2.1"]
[Board "5"]
[White "Babault, Patrice"]
[Black "Istratescu, Andrei"]
[Result "0-1"]
[WhiteTitle "FM"]
[BlackTitle "GM"]
[WhiteElo "2412"]
[BlackElo "2592"]
[WhiteTeam "NICE Alekhine"]
[BlackTeam "MULHOUSE Philidor"]
[WhiteFideId "623822"]
[BlackFideId "1200372"]
[EventDate "2016.05.28"]

1. e4 c6 2. d4 d5 3. e5 c5 4. dxc5 Nc6 5. Nf3 Bg4 6. c3 e6 7. Be3 Nge7 8. Bb5 a6
9. Ba4 Bxf3 10. Qxf3 Qa5 11. Qd1 Nf5 12. Bxc6+ bxc6 13. Bd4 Bxc5 14. b4 Bxb4 15.
cxb4 Qxb4+ 16. Bc3 Qe4+ 17. Kf1 Rb8 18. Kg1 d4 19. Qe1 Qd5 20. Bd2 c5 21. Na3 c4
22. Bb4 c3 23. Nc2 d3 24. Qxc3 dxc2 25. h4 Kd7 26. Rh3 Rhc8 27. Qa3 Rxb4 0-1

[Event "TCh-FRA Top 12 2016"]
[Site "Drancy FRA"]
[Date "2016.05.29"]
[Round "2.1"]
[Board "6"]
[White "Riff, Jean-Noel"]
[Black "Sulava, Nenad"]
[Result "0-1"]
[WhiteTitle "GM"]
[BlackTitle "GM"]
[WhiteElo "2506"]
[BlackElo "2416"]
[WhiteTeam "MULHOUSE Philidor"]
[BlackTeam "NICE Alekhine"]
[WhiteFideId "611190"]
[BlackFideId "14500205"]
[EventDate "2016.05.28"]

1. e4 c5 2. Nf3 e6 3. d4 cxd4 4. Nxd4 a6 5. Be2 Nf6 6. Nc3 Qc7 7. O-O d6 8. f4
Be7 9. Kh1 Nbd7 10. Bf3 h6 11. f5 e5 12. Nb3 b5 13. a3 Bb7 14. Be3 O-O 15. Qe1
Rac8 16. Qf2 Rfe8 17. Rad1 Bf8 18. Rd2 Qb8 19. Qg3 Kh8 20. Nd5 Qa8 21. Na5 Bxd5
22. exd5 e4 23. Be2 Nxd5 24. Bd4 N5f6 25. c4 bxc4 26. Nxc4 d5 27. Ne3 Bc5 28.
Rfd1 Bxd4 29. Rxd4 Nb6 30. Qe1 a5 31. b4 axb4 32. Qxb4 Rb8 33. Bb5 Rec8 34. a4
Qb7 35. Qd6 Rc3 36. Qf4 Ra8 37. Ng4 Nxg4 38. Qxg4 Qe7 39. Qf4 Qf6 40. Rb4 Kh7
41. Qf2 Nc4 42. Bxc4 Rxc4 43. Rxc4 dxc4 44. Qc2 Qc6 45. f6 g6 46. h3 Qxa4 47.
Qd2 Qc6 48. Qc3 Re8 49. Rd4 Qxf6 50. Qxc4 Qe6 51. Qe2 Qe5 52. Rd1 Re7 53. Qe3
Qg5 54. Qd4 e3 55. Re1 h5 56. Qc4 Qe5 57. Qe2 f5 58. Rb1 Kh6 59. Rb6 Ra7 60. Rb1
Ra1 61. Rxa1 Qxa1+ 62. Kh2 Qe5+ 63. Kh1 Qd4 64. g4 Qd2 65. g5+ Kxg5 66. h4+ Kh6 0-1

[Event "TCh-FRA Top 12 2016"]
[Site "Drancy FRA"]
[Date "2016.05.29"]
[Round "2.1"]
[Board "7"]
[White "Collas, Silvia"]
[Black "Ider, Borya"]
[Result "1/2-1/2"]
[WhiteTitle "IM"]
[BlackTitle "IM"]
[WhiteElo "2308"]
[BlackElo "2430"]
[WhiteTeam "NICE Alekhine"]
[BlackTeam "MULHOUSE Philidor"]
[WhiteFideId "2902265"]
[BlackFideId "4901134"]
[EventDate "2016.05.28"]

1. Nf3 d5 2. c4 e6 3. g3 Nf6 4. Bg2 dxc4 5. Qa4+ c6 6. Qxc4 b5 7. Qb3 Bb7 8. O-O
Nbd7 9. d4 a6 10. Ne5 Nxe5 11. dxe5 Nd5 12. Rd1 Qc7 13. Nc3 Be7 14. Nxd5 cxd5
15. Bf4 Rd8 16. Rac1 Qb8 17. Be3 O-O 18. Bd4 Rc8 19. Qe3 Rc4 20. b3 Rxc1 21.
Rxc1 Rc8 22. Rxc8+ Qxc8 23. Qc3 Qxc3 24. Bxc3 Bc6 25. e3 h5 26. h4 b4 27. Bd4
Bb5 28. e4 Bd3 29. exd5 exd5 30. Bxd5 Bb1 31. Kf1 Bxa2 32. Bb6 Bb1 33. Ke2 Bf5
34. Ke3 g5 35. hxg5 Bxg5+ 36. Kd4 Bd2 37. Kc4 Be1 38. Be3 Kg7 39. Kc5 Be6 40.
Bxe6 fxe6 41. Kd4 Kg6 42. f3 Bc3+ 43. Ke4 Be1 44. Kf4 Kf7 45. Bc5 Bd2+ 46. Ke4
Be1 47. Kf4 Ke8 48. Kg5 Kd7 49. Kxh5 Kc6 50. Bd6 Bxg3 51. Bxb4 Bxe5 52. Kg5 Kd5
53. f4 Bd4 54. f5 Be3+ 55. Kg6 exf5 56. Kxf5 Kd4 57. Be7 Kc3 58. Ke4 Bd2 59. Bd8 1/2-1/2

[Event "TCh-FRA Top 12 2016"]
[Site "Drancy FRA"]
[Date "2016.05.29"]
[Round "2.1"]
[Board "8"]
[White "Richard, Emma"]
[Black "Djalal, Boris"]
[Result "0-1"]
[WhiteTitle "WFM"]
[WhiteElo "2086"]
[BlackElo "2224"]
[WhiteTeam "MULHOUSE Philidor"]
[BlackTeam "NICE Alekhine"]
[WhiteFideId "657590"]
[BlackFideId "623644"]
[EventDate "2016.05.28"]

1. e4 c6 2. Nc3 d5 3. Nf3 Bg4 4. h3 Bxf3 5. Qxf3 e6 6. g3 Nf6 7. d3 Bb4 8. Bd2
d4 9. Nb1 Qb6 10. Bg2 Bxd2+ 11. Nxd2 Qxb2 12. O-O O-O 13. Nb3 Nbd7 14. Qe2 Qc3
15. f4 Rfe8 16. g4 Nc5 17. Rab1 Na4 18. Qf2 Rad8 19. g5 Nh5 20. Kh2 Qb4 21. Nd2
Qe7 22. Qh4 g6 23. Bf3 Ng7 24. Nc4 h5 25. Rbe1 Nb6 26. Ne5 Nd7 27. Nc4 Qc5 28.
Bd1 b5 29. Nd2 a5 30. Qf2 a4 31. e5 Nf5 32. Ne4 Qf8 33. Rg1 Kh8 34. Bf3 Rc8 35.
Qe2 Qg7 36. Qf2 c5 37. a3 Rb8 38. Rb1 Rec8 39. h4 c4 40. Bg2 Qf8 41. dxc4 bxc4
42. Bh3 d3 43. Bxf5 exf5 44. Nd6 Rxb1 45. Rxb1 Rb8 46. Rxb8 Qxb8 47. Nxf7+ Kg7
48. e6 Qb6 49. Qd2 Qxe6 50. cxd3 Qxf7 51. dxc4 Qe7 52. Qd4+ Kh7 53. Qa7 Qe2+ 54.
Kh1 Qf1+ 55. Kh2 Qxf4+ 56. Kg2 Qg4+ 57. Kf2 Qxh4+ 58. Ke3 Qxg5+ 59. Kd3 Qe7 60.
Kc2 h4 61. Kb2 Qg7+ 62. Kc2 Ne5 63. Qf2 Qe7 64. c5 Ng4 65. Qd4 Ne5 66. Qf2 Nd7
67. c6 Qe4+ 68. Kb2 Qxc6 69. Qxh4+ Kg8 70. Qd8+ Nf8 71. Qd3 Qf6+ 72. Ka2 Qf7+
73. Ka1 f4 74. Qc2 f3 75. Qf2 Qf5 76. Qc2 Qf6+ 77. Ka2 Qf7+ 78. Kb2 f2 0-1

[Event "TCh-FRA Top 12 2016"]
[Site "Drancy FRA"]
[Date "2016.05.29"]
[Round "2.2"]
[Board "1"]
[White "Naiditsch, Arkadij"]
[Black "Todorov, Todor"]
[Result "1-0"]
[WhiteTitle "GM"]
[BlackTitle "GM"]
[WhiteElo "2663"]
[BlackElo "2494"]
[WhiteTeam "BISCHWILLER"]
[BlackTeam "Cavalier Bleu DRANCY"]
[WhiteFideId "4650891"]
[BlackFideId "2903237"]
[EventDate "2016.05.28"]

1. e4 e5 2. Nf3 Nc6 3. Nc3 g6 4. h4 Nf6 5. Bc4 Bg7 6. d3 d6 7. Ng5 Rf8 8. h5 h6
9. hxg6 hxg5 10. gxf7+ Rxf7 11. Bxg5 Qd7 12. Bxf6 Rxf6 13. Qh5+ Kf8 14. Nd5 Rf7
15. Ne3 Rf6 16. Nd5 Rf7 17. Ne3 Rf6 18. Qh7 Ne7 19. Rh5 d5 20. Rg5 Rf7 21. Nxd5
Nxd5 22. Bxd5 Qe8 23. Rxg7 Rxg7 24. Qh8+ Ke7 25. Qxg7+ Kd6 1-0

[Event "TCh-FRA Top 12 2016"]
[Site "Drancy FRA"]
[Date "2016.05.29"]
[Round "2.2"]
[Board "2"]
[White "Petkov, Vladimir"]
[Black "Rodshtein, Maxim"]
[Result "1/2-1/2"]
[WhiteTitle "GM"]
[BlackTitle "GM"]
[WhiteElo "2493"]
[BlackElo "2689"]
[WhiteTeam "Cavalier Bleu DRANCY"]
[BlackTeam "BISCHWILLER"]
[WhiteFideId "2901188"]
[BlackFideId "2806851"]
[EventDate "2016.05.28"]

1. Nf3 Nf6 2. g3 d5 3. Bg2 e6 4. O-O Be7 5. d3 O-O 6. Nbd2 c5 7. e4 Nc6 8. Re1
b5 9. e5 Nd7 10. Nf1 a5 11. h4 b4 12. h5 h6 13. N1h2 Re8 14. Ng4 Bf8 15. Bf4 a4
16. a3 bxa3 17. bxa3 Rb8 18. Qd2 Kh7 19. Rab1 Qa5 20. Qxa5 Nxa5 21. Rxb8 Nxb8
22. Bxh6 f5 23. exf6 gxh6 24. Nfe5 Rd8 25. Nf7 Rd7 26. Nge5 Rc7 27. Nd8 Nb7 28.
Nxe6 Bxe6 29. Ng6 Bf7 30. Nxf8+ Kg8 31. Ng6 Nc6 32. c4 Nd6 33. cxd5 Nd4 34. Ne7+
Kf8 35. Ng6+ Kg8 36. Ne7+ Kf8 37. Ng6+ Kg8 1/2-1/2

[Event "TCh-FRA Top 12 2016"]
[Site "Drancy FRA"]
[Date "2016.05.29"]
[Round "2.2"]
[Board "3"]
[White "Bacrot, Etienne"]
[Black "Kogan, Arthur"]
[Result "1-0"]
[WhiteTitle "GM"]
[BlackTitle "GM"]
[WhiteElo "2702"]
[BlackElo "2528"]
[WhiteTeam "BISCHWILLER"]
[BlackTeam "Cavalier Bleu DRANCY"]
[WhiteFideId "605506"]
[BlackFideId "2800802"]
[EventDate "2016.05.28"]

1. d4 Nf6 2. c4 e6 3. Nf3 Bb4+ 4. Bd2 a5 5. Nc3 d5 6. e3 O-O 7. Qc2 b6 8. Bd3
Ba6 9. cxd5 exd5 10. O-O Bxd3 11. Qxd3 c6 12. a3 Bd6 13. e4 dxe4 14. Nxe4 Nxe4
15. Qxe4 Re8 16. Qc2 Ra7 17. Rac1 Rd7 18. Bg5 f6 19. Bh4 Bc7 20. Qb3+ Kh8 21.
Bg3 Bxg3 22. hxg3 Rd5 23. Rfe1 Rxe1+ 24. Rxe1 g6 25. Re4 Kg7 26. Qe3 Kf7 27. Rh4
Kg8 28. Re4 Kf7 29. g4 Nd7 30. Re6 c5 31. Rc6 Nf8 32. dxc5 bxc5 33. Rxc5 Rd1+
34. Kh2 Qd6+ 35. g3 Rd3 36. Rc7+ Kg8 37. Qa7 Qe6 38. Rg7+ Kh8 39. Rf7 Qd6 40.
Qb7 a4 41. Qc8 Rxf3 42. Rxf8+ Kg7 43. Rg8+ Kh6 44. Qc1+ g5 45. Qh1 Qxg3+ 1-0

[Event "TCh-FRA Top 12 2016"]
[Site "Drancy FRA"]
[Date "2016.05.29"]
[Round "2.2"]
[Board "4"]
[White "Komarov, Dimitri"]
[Black "Edouard, Romain"]
[Result "1-0"]
[WhiteTitle "GM"]
[BlackTitle "GM"]
[WhiteElo "2506"]
[BlackElo "2641"]
[WhiteTeam "Cavalier Bleu DRANCY"]
[BlackTeam "BISCHWILLER"]
[WhiteFideId "14101270"]
[BlackFideId "633429"]
[EventDate "2016.05.28"]

1. d4 d5 2. Nf3 Nf6 3. c4 dxc4 4. e3 Bg4 5. Bxc4 e6 6. h3 Bh5 7. Nc3 Nc6 8. Bb5
Bd6 9. O-O O-O 10. Bxc6 bxc6 11. e4 Bb4 12. e5 Nd5 13. Ne4 Ne7 14. a3 Ba5 15.
Be3 Nf5 16. g4 Nxe3 17. fxe3 Bg6 18. Nc5 Bb6 19. Rc1 a5 20. Rf2 Rb8 21. h4 h6
22. g5 Kh8 23. Nd3 Qd5 24. Nf4 Qe4 25. Qe2 c5 26. Nd2 Qb7 27. Rcf1 Bh7 28. d5
exd5 29. g6 c4 30. gxh7 Bc5 31. e6 Qxb2 32. exf7 Qc2 33. h5 Rb6 34. Ng6+ Rxg6+
35. hxg6 Qxg6+ 36. Kh1 Bxa3 37. Qf3 c3 38. Nb3 c2 39. Qxd5 a4 40. Nc1 Qg3 41.
Qf3 Qh4+ 42. Rh2 Qc4 43. Qe2 Qe4+ 44. Rg2 Bc5 45. Qxc2 Qxe3 46. Qd3 Qe7 47. Qc4
a3 48. Nd3 Bd6 49. Nf4 Bxf4 50. Qxf4 Qe6 51. Qg4 Qe5 52. Qb4 Rxf7 53. Rxf7 Qh5+
54. Kg1 Qxf7 55. Qxa3 Kxh7 56. Qd3+ g6 57. Rd2 1-0